Birleşmiş milletler'de insan hakları yorumları (Record no. 9760)

MARC details
000 -BAŞLIK
Sabit Uzunlukta Kontrol Alanı 01062na a2200289 4500
001 - KONTROL NUMARASI
Denetim Alanı 14645
003 - KONTROL NUMARASI IDENTIFIER
Denetim Alanı MIRAKIL
005 - SON İŞLEM TARİHİ VE ZAMANI
Denetim Alanı 20181213155256.0
008 - SABİT-BOY VERİ ELEMANLARI - GENEL BİLGİLER
Sabit Uzunlukta Kontrol Alanı 161101b tu 000 0
020 ## - ULUSLARARASI STANDART KİTAP NUMARASI
Uluslararası Standart Kitap Numarası 9756176636
035 ## - SİSTEM KONTROL NUMARASI
Sistem Kontrol Numarası 14645
040 ## - KATALOGLAMA KAYNAK
Orijinal Kataloglama Ajansı Milas
Kataloglama Dili tur
Metne Dönüştürmek Ajansı TR-AnCHP
041 ## - DİL KODU
Metin / Ses Parça Veya Ayrı Başlığın Dil Kodu tur
082 ## - DEWEY ONLU SINIFLANDIRMA NUMARASI
Sınıflandırma Numarası 341.481
Ürün Numarası B56 2006
090 ## - SINIFLAMA NUMARASI
Sınıflama Numarası 341.481 B56 2006
245 ## - BAŞLIK TABLOSU
Başlık Birleşmiş milletler'de insan hakları yorumları
Başlığın Kalan İnsan hakları komitesi ve ekonomik, sosyal kültürel haklar komitesi, 1981-2006
Sorumluluk Tablosu, Vb derleyen ve metinleri çeviren Lema Uyar
246 ## - UNVAN FORM VARYING
Başlık Doğru / Kısa Başlığı İnsan hakları komitesi ve ekonomik, sosyal kültürel haklar komitesi, 1981-2006
260 ## - YAYIN, DAĞITIM, VB
Yayın, Dağıtım, Vb Yeri İstanbul
Yayıncı, Dağıtıcı, Vs Adı İstanbul Bilgi Üniversitesi Yayınları
Yayın, Dağıtım, Vb Tarihi 2006
300 ## - FİZİKSEL TANIM
Kapsam 413 s.
Boyutlar 23 sm.
490 ## - SERİSİ TABLOSU
Seri Beyanı İnsan hakları hukuku çalışmaları
Hacim / Ardışık Tanımı 5
490 ## - SERİSİ TABLOSU
Seri Beyanı İstanbul Bilgi Üniversitesi yayınları
Hacim / Ardışık Tanımı 145
500 ## - GENEL NOT
Genel Not Dizin var.
650 ## - KONU KATMA GİRİŞ - TOPİKAL DÖNEM
Topikal Süreli Veya Coğrafi Ad Giriş Elemanı Uluslararası insan hakları
650 ## - KONU KATMA GİRİŞ - TOPİKAL DÖNEM
Topikal Süreli Veya Coğrafi Ad Giriş Elemanı Birleşmiş Milletler
Genel Alt Bölümü İnsan hakları
Kronolojik Alt Bölümü Hukuk ve mevzuat
700 ## - KATMA GİRİŞ - KİŞİSEL İSİM
Kişisel Ad Uyar, Lema
942 ## - EKLENDİ GİRİŞ ELEMANLARI (KOHA)
Sınıflandırma Veya Raf Düzeni Kaynak
Koha Öğesi Türü Books
999 ## - SİSTEM KONTROL NUMARALARI (KOHA)
Koha Biblionumber 9760
Koha Biblioitemnumber 9760
Holdings
Kalıcı Konum Mevcut Konum Edinme Tarihi Edinim Kaynak Toplam Check-Out'Lar Tam Çağrı Numarası Barkod Tarih Son Görülme İtibaren Geçerli Fiyatlar Koha Öğesi Türü
CHP Kütüphanesi CHP Kütüphanesi 08/30/2016 Bağış   341.481 B56 2006 002723 08/30/2016 08/30/2016 Books